[Event "83rd ESP-ch Women-ch 2018"]
[Site "Linares"]
[Date "2018.08.23"]
[Round "4"]
[White "Kolotilina, Liudmila"]
[Black "Anillo Fernandez, Isabel Maria"]
[Result "1/2-1/2"]
[WhiteElo "2216"]
[BlackElo "1924"]
[Annotator "TA"]
[EventDate "2018.08.09"]
[PlyCount "117"]
[EventType "tourn"]
[EventCountry "ESP"]

1. b3 Nf6 2. Bb2 e6 3. e3 d5 4. f4 c5 5. Nf3 Nc6 6. Bb5 Bd7 7. O-O a6 8.
Ne5 $146 Bd6 $2 9. Nxc6 Bxc6 10. Bxc6+ bxc6 11. d3 O-O 12. Nd2 Nd7 13. Qh5
f6 14. Rf3 Qe8 15. Qh4 Rf7 16. Rh3 g6 17. Rf1 Qe7 18. e4 e5 19. f5 g5 20.
Qh5 Rg7 21. Qg4 Rb8 22. Bc1 Qf7 23. Rh6 Be7 24. Qf3 g4 25. Qe2 d4 26. h3
$18 gxh3 27. g4 Rg5 28. Kh2 Qg7 29. Rxh3 Rxg4 $16 30. Nf3 $1 Kf7 31. Bh6
Qg8 32. Rg1 Rxg1 33. Nxg1 Bf8 34. Rg3 $36 Qxg3+ 35. Kxg3 Bxh6 36. Qh5+ Kg7
37. Ne2 c4 38. dxc4 Nc5 39. Kf3 Bg5 40. Qh1 Rd8 41. Nc1 $1 d3 42. Nxd3 $18
Nxd3 43. Qd1 Ne1+ 44. Qxe1 Rd2 45. Qg1 Rxc2 46. Qa7+ Kh6 47. Qxa6 Kh5 48.
Qxc6 $2 Rc3+ $11 49. Ke2 Kg4 $1 50. b4 h5 51. b5 h4 52. Qd5 h3 53. Qd1 Rc1
54. Qd3 h2 55. Qf3+ Kh4 56. Qf2+ Kh3 57. Qf3+ Kh4 58. Qf2+ Kh3 59. Qf3+
1/2-1/2

[Event "83rd ESP-ch Women-ch 2018"]
[Site "Linares"]
[Date "2018.08.23"]
[Round "4"]
[White "Garcia Vicente, Nieves"]
[Black "Bernabeu Lopez, Carlos Javier"]
[Result "0-1"]
[WhiteElo "2181"]
[BlackElo "2360"]
[Annotator "TA"]
[EventDate "2018.08.09"]
[PlyCount "82"]
[EventType "tourn"]
[EventCountry "ESP"]

1. d4 d6 2. e4 g6 3. c4 Bg7 4. Nc3 Nc6 5. Be3 e5 6. d5 Nd4 7. Nge2 Nxe2 8.
Bxe2 Nf6 9. O-O O-O 10. h3 Ne8 11. Qd2 $146 f5 12. exf5 gxf5 13. f4 e4 14.
Rae1 Qf6 15. Rd1 Qg6 16. Bd4 Rf7 17. Rf2 h5 18. Qe3 h4 19. b4 a5 20. b5 b6
21. Rd2 Nf6 22. Rf1 Nd7 $1 $17 23. Kh2 Bxd4 24. Rxd4 Rg7 25. Rg1 Qg3+ 26.
Qxg3 Rxg3 27. Nd1 Nc5 28. Re1 Bd7 29. Bf1 Kf7 $19 30. Ne3 Kf6 31. Rd2 Re8
32. Kg1 Nd3 $1 33. Bxd3 exd3 34. Rxd3 Re4 35. Rc3 Rxf4 36. Rc2 Re4 37. Kf2
Re5 38. Rce2 Be8 39. Nf1 Rc3 40. Ne3 Bh5 41. Rc2 $2 Rexe3 $1 0-1

[Event "83rd ESP-ch Women-ch 2018"]
[Site "Linares"]
[Date "2018.08.23"]
[Round "4"]
[White "Garcia Garcia, Adrian Antonio"]
[Black "Cruz Lledo, Pablo"]
[Result "0-1"]
[WhiteElo "2179"]
[BlackElo "2432"]
[Annotator "TA"]
[EventDate "2018.08.09"]
[PlyCount "56"]
[EventType "tourn"]
[EventCountry "ESP"]

1. e4 c6 2. d4 d5 3. exd5 cxd5 4. c4 Nf6 5. Nc3 g6 6. Nf3 Bg7 7. Bg5 Ne4 8.
Be3 Nxc3 9. bxc3 O-O 10. Qd2 Nc6 11. Bh6 Bg4 $15 12. Bxg7 Kxg7 13. c5 $146
Bxf3 $17 14. gxf3 e5 15. Bb5 Qf6 16. Bxc6 bxc6 17. O-O Qxf3 18. Rfe1 Qg4+
$19 19. Kh1 e4 $1 20. Re3 Rab8 21. Rg1 Qf5 22. Qe2 Rb7 23. f3 exf3 24. Rxf3
Rb2 $1 25. Qe3 $2 Re8 $1 26. Rxf5 Rxe3 27. c4 Rh3 28. Rg4 h5 0-1

[Event "83rd ESP-ch Women-ch 2018"]
[Site "Linares"]
[Date "2018.08.23"]
[Round "4"]
[White "Romero Romero, Sebastian"]
[Black "Lianes Garcia, Marcos"]
[Result "0-1"]
[WhiteElo "2171"]
[BlackElo "2340"]
[Annotator "TA"]
[EventDate "2018.08.09"]
[PlyCount "92"]
[EventType "tourn"]
[EventCountry "ESP"]

1. d4 Nf6 2. Nf3 e6 3. g3 d5 4. c4 dxc4 5. Bg2 Nc6 6. O-O Rb8 7. e3 Be7 8.
Qe2 b5 9. b3 cxb3 10. axb3 O-O 11. Bd2 Bb7 12. Rc1 a6 13. Ne1 Nd5 14. Nd3
Qd7 15. Nc3 Ndb4 $146 16. Nf4 e5 $15 17. dxe5 Nxe5 18. e4 Nbd3 19. Rd1 $1
Nxf4 20. Bxf4 Qe6 21. Nd5 Bd6 22. h3 Rfe8 23. Be3 Nd7 24. Qc2 Rbc8 25. Kh2
Nf6 $17 26. Nxf6+ Qxf6 27. Rac1 Qe6 28. h4 Rb8 29. f3 f5 $1 30. Bh3 Qf7 31.
Bxf5 g6 $19 32. Bg4 h5 33. Bh3 Qxf3 34. e5 Be4 35. Qf2 Rxe5 $40 36. b4 Rf8
37. Qa2+ $2 Kh7 38. Rxd6 cxd6 39. Rf1 Qxf1 40. Bxf1 Rxf1 41. g4 Bd5 42.
Qxa6 Rh1+ 43. Kg3 Rxe3+ 44. Kf4 Re4+ 45. Kg3 Rxg4+ 46. Kf2 Rh2+ 0-1

[Event "83rd ESP-ch Women-ch 2018"]
[Site "Linares"]
[Date "2018.08.23"]
[Round "4"]
[White "Roldan Marques, Daniel"]
[Black "Castellanos Gomez, Alejandro"]
[Result "1-0"]
[WhiteElo "2161"]
[BlackElo "2320"]
[Annotator "TA"]
[EventDate "2018.08.09"]
[PlyCount "145"]
[EventType "tourn"]
[EventCountry "ESP"]

1. d4 e6 2. c4 Nf6 3. Nf3 b6 4. e3 Bb7 5. Bd3 d5 6. O-O Bd6 7. b3 O-O 8.
Nc3 Nbd7 9. Nb5 Be7 10. Bb2 a6 11. Nc3 Bd6 12. Qe2 Ne4 13. Rfd1 f5 14. Ne5
Nxe5 15. dxe5 Bxe5 16. Nxe4 Bxb2 17. Qxb2 fxe4 18. Bxe4 Qh4 19. Bd3 $146
Rf6 20. Qc2 Raf8 21. Rd2 $2 Rh6 $19 22. h3 Qg5 $2 23. cxd5 $1 $11 Bxd5 24.
e4 $1 Ba8 25. Kh1 Rf3 $1 $17 26. Bf1 Rg6 $2 27. g3 Rf4 28. Bg2 $1 $18 Rf8
29. Rad1 c5 30. Rd6 Rgf6 31. R1d2 e5 32. Qc4+ Kh8 33. Qxa6 Rxd6 34. Rxd6 h5
35. Qe2 b5 $2 36. h4 Qg4 37. Qxg4 hxg4 38. Rb6 $1 b4 39. Re6 Kh7 40. Kg1
Rd8 41. Rxe5 Rd1+ 42. Kh2 Rd2 43. Rxc5 Rxf2 44. Rc4 Rxa2 45. Rxb4 Bc6 46.
Kg1 $1 $16 Ra1+ $2 47. Bf1 $1 $18 Rd1 48. Kf2 Rb1 49. Be2 Bd7 50. Rb6 Rb2
51. b4 Rb3 52. e5 Rb2 53. Ke3 Bf5 54. Kf4 Bg6 55. Bxg4 Rf2+ 56. Ke3 Rc2 57.
Be2 Rc3+ 58. Kf2 Rc2 59. Ke1 Rc1+ 60. Kd2 Rc2+ 61. Kd1 $1 Rc3 62. g4 Re3
63. Rb5 Bf7 64. Rc5 Be6 65. Kd2 Rg3 66. Rc3 Rg2 67. Re3 Rh2 68. h5 Bxg4 69.
e6 Bxh5 70. b5 Be8 71. b6 Rh1 72. b7 Rb1 73. Bd3+ 1-0

[Event "83rd ESP-ch Women-ch 2018"]
[Site "Linares"]
[Date "2018.08.23"]
[Round "4"]
[White "Lopez Guerrero, Jose Miguel"]
[Black "Domingo Nunez, Ruben"]
[Result "0-1"]
[WhiteElo "2148"]
[BlackElo "2318"]
[Annotator "TA"]
[EventDate "2018.08.09"]
[PlyCount "112"]
[EventType "tourn"]
[EventCountry "ESP"]

1. e4 c5 2. Nf3 Nc6 3. Bb5 g6 4. O-O Bg7 5. d3 d6 6. Nc3 a6 7. Bxc6+ $1 $14
bxc6 8. Re1 e5 9. Bg5 $146 Qc7 10. Qd2 h6 11. Be3 Bg4 12. Kh1 Ne7 13. Ng1
$1 $11 Be6 14. b3 g5 15. Nge2 f5 16. exf5 Nxf5 17. Ne4 Bf7 18. Rab1 O-O 19.
N2g3 Ne7 20. Qe2 Bg6 21. Qg4 $36 Nf5 22. h4 $1 gxh4 23. Qxg6 hxg3 24. Nxg3
Rf6 25. Qg4 Nxg3+ 26. Qxg3 Qa5 27. a4 Raf8 28. Re2 Kh7 29. Bd2 Qc7 30. Kg1
Rg6 31. Qh3 Qf7 32. Rf1 Rf6 33. f3 Rf5 34. Be3 Qg6 35. g4 $16 R5f7 36. Rg2
Kg8 37. Rff2 Qe6 38. Rh2 Rf6 39. Kf1 R8f7 40. Qg2 d5 41. Bxc5 e4 $1 $15 42.
fxe4 Rxf2+ $17 43. Bxf2 Bd4 $1 44. Qg3 $2 Be5 45. exd5 $2 Qd6 $19 46. Rxh6
Bxg3 47. Rxd6 Bxd6 48. Ke2 cxd5 49. c4 $2 Rb7 50. c5 Be5 51. c6 Rxb3 52.
Bc5 Rb8 53. d4 Bh2 54. Kf3 Rc8 55. g5 Kf7 56. Kg4 Kg6 0-1

[Event "83rd ESP-ch Women-ch 2018"]
[Site "Linares"]
[Date "2018.08.23"]
[Round "4"]
[White "Cuevas Fernandez, Jose Alberto"]
[Black "Balbuena Fuentes, Mario"]
[Result "1/2-1/2"]
[WhiteElo "2147"]
[BlackElo "2306"]
[Annotator "TA"]
[EventDate "2018.08.09"]
[PlyCount "67"]
[EventType "tourn"]
[EventCountry "ESP"]

1. d4 e6 2. c4 b6 3. Nf3 Bb7 4. g3 Bb4+ 5. Nc3 f5 6. Bg2 Nf6 7. O-O O-O 8.
Qb3 a5 9. Bg5 h6 10. Bc1 $146 Qe8 11. Nb5 Na6 12. Bf4 d5 13. a3 Be7 14.
Nxc7 $16 Nxc7 15. Qxb6 Qc8 16. Qxc7 Qxc7 17. Bxc7 Rfc8 18. Bf4 Rxc4 19.
Rac1 Ba6 20. Ne5 $1 Rxc1 21. Rxc1 Bxe2 22. Rc6 Rb8 23. Ng6 Rb7 24. h3 Bh5
25. Nxe7+ Rxe7 26. Bd6 Rb7 27. b4 axb4 28. Bxb4 Kf7 29. Bf1 Bd1 30. Ba6 Rb8
31. Bc8 $18 Ba4 32. Bxe6+ Kg6 33. Ra6 Bb3 34. Be7 1/2-1/2

[Event "83rd ESP-ch Women-ch 2018"]
[Site "Linares"]
[Date "2018.08.23"]
[Round "4"]
[White "Gomez Sanjuan, Hector Fernando"]
[Black "Galiana Fernandez, Adrian"]
[Result "0-1"]
[WhiteElo "2146"]
[BlackElo "2291"]
[Annotator "TA"]
[EventDate "2018.08.09"]
[PlyCount "60"]
[EventType "tourn"]
[EventCountry "ESP"]

1. d4 Nf6 2. Nf3 g6 3. Nc3 Bg7 4. e4 d5 5. e5 Ne4 6. Nxe4 dxe4 7. Ng5 c5 $1
8. c3 cxd4 9. cxd4 Nc6 10. Be3 Qa5+ $1 $15 11. Qd2 Qxd2+ 12. Kxd2 Bf5 13.
Bb5 h6 $146 14. Bxc6+ bxc6 15. Nh3 Rd8 16. Kc3 c5 $1 17. Nf4 cxd4+ $19 18.
Bxd4 O-O 19. Rhd1 Rd7 20. h3 Rc8+ 21. Kb3 $2 Rcd8 22. Kc3 Bxe5 $1 23. Ne2
Rc7+ 24. Kb3 Rb8+ 25. Ka4 Bd7+ 26. Ka5 Bxd4 27. Nxd4 Rc5+ 28. Ka6 Bc8+ 29.
Kxa7 Rb7+ 30. Ka6 Rb4+ 0-1

[Event "83rd ESP-ch Women-ch 2018"]
[Site "Linares"]
[Date "2018.08.23"]
[Round "4"]
[White "Arroyo Rodriguez, Jesus"]
[Black "Burgos Olmos, Mario"]
[Result "1-0"]
[WhiteElo "2099"]
[BlackElo "1916"]
[TimeControl "40/5400+30:1800+30"]
[Annotator "NA RC"]
[EventDate "2018.08.09"]
[PlyCount "59"]
[EventType "tourn"]
[EventCountry "ESP"]

1. e4 c5 2. Nf3 d6 3. d4 cxd4 4. Nxd4 Nf6 5. Nc3 a6 6. Be3 e5 7. Nf3 Qc7 8.
a4 Be7 9. a5 Nbd7 10. Nd2 Qc6 11. Bc4 O-O 12. f3 Bd8 13. O-O Nc5 14. b4 Ne6
15. Nd5 Nf4 16. Nxf4 exf4 17. Bxf4 d5 18. exd5 Nxd5 19. Bxd5 Qxd5 20. Ne4
Qc6 21. Bd6 Re8 22. Bc5 Bc7 23. c4 Qh6 24. g3 Bf5 25. Qd5 Be5 26. Rad1 Bh3
27. Rfe1 Qh5 28. Nf2 Re6 29. Nxh3 Qxh3 30. Rxe5 1-0

[Event "83rd ESP-ch Women-ch 2018"]
[Site "Linares"]
[Date "2018.08.23"]
[Round "4"]
[White "Perez Perez, Gabriel"]
[Black "Rodriguez Redondo, Adhara"]
[Result "0-1"]
[WhiteElo "2058"]
[BlackElo "1909"]
[TimeControl "40/5400+30:1800+30"]
[Annotator "NA RC"]
[EventDate "2018.08.09"]
[PlyCount "120"]
[EventType "tourn"]
[EventCountry "ESP"]

1. c4 e6 2. g3 d5 3. Bg2 Nf6 4. Nf3 Be7 5. O-O O-O 6. b3 Nbd7 7. Bb2 b6 8.
Nc3 Bb7 9. d4 Rc8 10. Rc1 c6 11. Qd3 Rc7 12. Nd2 $146 Qb8 13. e4 dxe4 14.
Ndxe4 Rd8 15. Qe3 Nxe4 16. Nxe4 Qa8 17. Qf4 Rcc8 18. Rfd1 Qb8 19. Qe3 Nf6
20. Ng5 Ng4 21. Qd2 h6 22. Ne4 Nf6 23. Nc3 Rd7 24. Qe2 Rcd8 25. Re1 c5 26.
d5 exd5 27. Bh3 d4 28. Nd5 Nxd5 29. Bxd7 Rxd7 30. cxd5 Bxd5 31. f3 Qb7 32.
Rf1 Rd6 33. Rce1 Re6 34. Qd3 Rf6 35. Bc1 Qd7 36. Bf4 Rg6 37. Rf2 Be6 38.
Kh1 Bf5 39. Qd2 Kh7 40. Rfe2 Bf6 41. Re8 Qc6 42. Kg2 Be6 43. Rb8 Be7 44.
Qd3 Bd6 45. Bxd6 Qxd6 46. Ra8 Qd7 47. Qa6 Bh3+ 48. Kf2 Rf6 49. Ree8 Qf5 50.
f4 Bg4 51. Qf1 Qc2+ 52. Kg1 Qxa2 53. Rh8+ Kg6 54. Rad8 Qxb3 55. Rhe8 Re6
56. Rxe6+ $19 Qxe6 57. Qc1 Qe4 58. Rd6+ Kh7 59. Qd2 Bh3 60. f5 Qb1+ 0-1

[Event "83rd ESP-ch Women-ch 2018"]
[Site "Linares"]
[Date "2018.08.23"]
[Round "4"]
[White "Fernandez Montero, Francisco Manuel"]
[Black "Vazquez Pino, Miguel Angel"]
[Result "0-1"]
[WhiteElo "2046"]
[BlackElo "1909"]
[TimeControl "40/5400+30:1800+30"]
[Annotator "NA RC"]
[EventDate "2018.08.09"]
[PlyCount "40"]
[EventType "tourn"]
[EventCountry "ESP"]

1. e4 e6 2. d4 d5 3. Bd3 dxe4 4. Bxe4 Nf6 5. Bf3 Bd6 6. Ne2 Nbd7 7. Nbc3 e5
8. O-O h6 9. Ng3 O-O 10. Re1 Re8 11. Be3 c6 12. Qd2 Nf8 13. Bxh6 exd4 14.
Qg5 Ng6 15. Nce4 Nxe4 16. Nxe4 Be7 17. Qh5 gxh6 18. Qxh6 Be6 19. g3 Bd5 20.
Bg4 Bf8 0-1

[Event "83rd ESP-ch Women-ch 2018"]
[Site "Linares"]
[Date "2018.08.23"]
[Round "4"]
[White "Samuel Lares, Jairo"]
[Black "Gonzalez del Campo, Diego"]
[Result "1-0"]
[WhiteElo "2006"]
[BlackElo "1893"]
[TimeControl "40/5400+30:1800+30"]
[Annotator "NA RC"]
[EventDate "2018.08.09"]
[PlyCount "81"]
[EventType "tourn"]
[EventCountry "ESP"]

1. d4 f5 2. Nc3 Nf6 3. Bg5 d5 4. Bxf6 exf6 5. e3 Be6 6. Bd3 g6 7. h4 h5 8.
Qf3 c6 9. Nge2 Bd6 10. Nf4 Bf7 11. O-O-O Nd7 12. g3 Qe7 13. Rde1 O-O-O 14.
a3 Kb8 15. b4 Ne5 16. Qe2 Nxd3+ 17. Nxd3 Rde8 18. Kd2 g5 19. Rb1 Qc7 20.
Rb3 f4 21. gxf4 gxf4 22. Rhb1 Rhg8 23. b5 b6 24. bxc6 Rg2 25. Nd1 f5 26.
Nc5 fxe3+ 27. Rxe3 Qxc6 28. Rxe8+ Qxe8 29. Qf3 Rg1 30. Nd3 Qe6 31. Rb3 Rg4
32. Ne3 Rxd4 33. Nxf5 Bf4+ 34. Ne3 Qe4 35. Qe2 Qh1 36. c3 Rc4 37. Rb4 Bg6
38. Nxf4 Rxc3 39. Kxc3 Qc1+ 40. Nc2 d4+ 41. Rxd4 1-0

[Event "83rd ESP-ch Women-ch 2018"]
[Site "Linares"]
[Date "2018.08.23"]
[Round "4"]
[White "Comellas Martos, Lidia"]
[Black "Alvarez Serrano, Carlos"]
[Result "0-1"]
[WhiteElo "2001"]
[BlackElo "2225"]
[Annotator "TA"]
[EventDate "2018.08.09"]
[PlyCount "48"]
[EventType "tourn"]
[EventCountry "ESP"]

1. e4 c5 2. Nf3 d6 3. Bb5+ Nd7 4. d4 cxd4 5. Qxd4 a6 6. Bxd7+ Bxd7 7. O-O
e5 8. Qd1 h6 9. Nc3 Nf6 10. Qe2 $146 Rc8 11. Rd1 Qc7 12. Ne1 Qc4 13. Qd3
Be6 14. f3 b5 15. a3 Be7 16. f4 O-O $17 17. Nf3 Qc7 18. Ne1 Ng4 $1 $19 19.
Qg3 $2 Qa7+ 20. Kf1 h5 $2 21. f5 $17 Bc4+ 22. Ne2 $2 Qb7 $19 23. Nd3 Qxe4
24. h3 Bh4 $1 0-1

[Event "83rd ESP-ch Women-ch 2018"]
[Site "Linares"]
[Date "2018.08.23"]
[Round "4"]
[White "Gonzalez Guedes, Iyan"]
[Black "Porta Tovar, Guillem"]
[Result "0-1"]
[WhiteElo "1925"]
[BlackElo "2166"]
[Annotator "TA"]
[EventDate "2018.08.09"]
[PlyCount "52"]
[EventType "tourn"]
[EventCountry "ESP"]

1. e4 c5 2. Nf3 d6 3. c3 Nf6 4. Be2 Nc6 5. d4 e6 6. Bd3 d5 7. e5 Nd7 8. O-O
Be7 9. a3 c4 10. Bc2 b5 11. Nbd2 Bb7 $146 12. Ne1 Qa5 13. f4 g6 14. g4
O-O-O 15. f5 gxf5 16. gxf5 Ncxe5 17. dxe5 $14 Nxe5 18. Nef3 Qb6+ $17 19.
Kh1 d4 20. Be4 dxc3 21. Bxb7+ Qxb7 22. bxc3 exf5 23. Qc2 $2 Rd3 $19 24. Qd1
Rg8 25. Qe2 f6 26. a4 Bc5 0-1

[Event "83rd ESP-ch Women-ch 2018"]
[Site "Linares"]
[Date "2018.08.23"]
[Round "4"]
[White "Serrano Garcia, Luis"]
[Black "Gil Quilez, Sonia"]
[Result "0-1"]
[WhiteElo "1915"]
[BlackElo "2066"]
[TimeControl "40/5400+30:1800+30"]
[Annotator "NA RC"]
[EventDate "2018.08.09"]
[PlyCount "96"]
[EventType "tourn"]
[EventCountry "ESP"]

1. e4 c6 2. Nc3 d5 3. Nf3 Bg4 4. d4 dxe4 5. Nxe4 Bxf3 6. Qxf3 Qxd4 7. Be3
Qxb2 8. Bc4 Qb4+ 9. Nd2 e6 10. Rb1 Qe7 11. Ne4 Qc7 12. O-O Nd7 13. Bf4 Qc8
14. Rfe1 Nb6 15. Bb3 Nd5 16. Bxd5 cxd5 17. Nd6+ Bxd6 18. Bxd6 Qc6 19. Qg3
Ne7 20. Qxg7 Rg8 21. Qe5 Kd7 22. Ba3 Rg6 23. Rb3 Nf5 24. Rc3 Qb6 25. Rb3
Qc7 26. Qb2 b6 27. Rc3 Qb7 28. Qb5+ Kd8 29. Qb4 Rg8 30. Rf3 d4 31. Kf1 Rc8
32. c4 Rc7 33. Re5 a5 34. Qb3 Qc6 35. c5 b5 36. Bb2 Rd7 37. g3 Re8 38. Qd3
f6 39. Rexf5 exf5 40. Qxf5 d3 41. Qxf6+ Qxf6 42. Bxf6+ Kc7 43. Bc3 d2 44.
Bxa5+ Kc6 45. Rf6+ Kxc5 46. Rf5+ Kc4 47. Rf4+ Kd3 48. Rf3+ Kc2 0-1

[Event "83rd ESP-ch Women-ch 2018"]
[Site "Linares"]
[Date "2018.08.23"]
[Round "4"]
[White "Amoros Moran, Jose Joaquin"]
[Black "Perez Beltran, Salvador"]
[Result "1/2-1/2"]
[WhiteElo "1908"]
[BlackElo "2018"]
[TimeControl "40/5400+30:1800+30"]
[Annotator "NA RC"]
[EventDate "2018.08.09"]
[PlyCount "87"]
[EventType "tourn"]
[EventCountry "ESP"]

1. e4 c5 2. Nf3 e6 3. d4 cxd4 4. Nxd4 Nc6 5. Nc3 Qc7 6. Be3 Nf6 7. f3 Be7
8. Qd2 a6 9. g4 b5 10. O-O-O Nxd4 11. Bxd4 Bb7 12. h4 Rc8 13. Bg2 e5 14.
Bf2 Bb4 15. Be1 d5 16. a3 Bxc3 17. Qxc3 dxe4 18. Qxc7 Rxc7 19. Ba5 Rd7 20.
Rxd7 Kxd7 21. g5 Nd5 22. Bh3+ Ke7 23. fxe4 Nf4 24. Bb4+ Ke8 25. Bg4 h5 26.
gxh6 Rxh6 27. Rd1 Ne6 28. h5 Bxe4 29. Re1 f5 30. Bd1 Nf4 31. Bd2 Rc6 32.
Rg1 Rxc2+ 33. Bxc2 Ne2+ 34. Kd1 Nxg1 35. Bxe4 fxe4 36. h6 gxh6 37. Bxh6 Kd7
38. Kd2 Ke6 39. Ke3 Kd5 40. Bg7 Nf3 41. Bf8 Ne1 42. Kd2 Nd3 43. b3 Kd4 44.
b4 1/2-1/2

[Event "83rd ESP-ch Women-ch 2018"]
[Site "Linares"]
[Date "2018.08.23"]
[Round "4"]
[White "Maranon Canton, Antonio"]
[Black "Sole Pijuan, Ferran"]
[Result "0-1"]
[WhiteElo "1868"]
[BlackElo "2320"]
[Annotator "TA"]
[EventDate "2018.08.09"]
[PlyCount "86"]
[EventType "tourn"]
[EventCountry "ESP"]

1. Nf3 d5 2. g3 c6 3. Bg2 Bg4 4. d4 Nd7 5. O-O e6 6. Nbd2 f5 7. c4 Bd6 8.
b3 Ngf6 9. Bb2 O-O 10. Ne5 Bh5 11. Ndf3 Ne4 12. Nxd7 Qxd7 13. Ne5 Qc7 $146
14. f3 Nf6 15. c5 Be7 16. Qc2 Nd7 17. Nd3 Bg5 18. e4 Bxf3 19. Rxf3 dxe4 $17
20. Rff1 exd3 21. Qxd3 Bf6 22. Qc4 Kh8 23. Rae1 e5 24. Rxf5 exd4 25. Rh5 g6
26. Rh3 Ne5 $36 27. Qxd4 Nf3+ $1 28. Bxf3 Bxd4+ 29. Bxd4+ Kg8 30. Bg4 $2
Rae8 31. Rd1 $2 Re4 32. Rh4 Qf7 33. Bh3 Rxh4 34. gxh4 h5 35. Rf1 Qd5 36.
Rxf8+ Kxf8 37. Bf2 Ke8 38. Bc8 Qf7 39. b4 Kd8 40. Bh3 Qxa2 41. Be1 Qe2 42.
Bf2 Qe4 43. b5 cxb5 0-1

[Event "83rd ESP-ch Women-ch 2018"]
[Site "Linares"]
[Date "2018.08.23"]
[Round "4"]
[White "Ucles Lirola, Moises"]
[Black "Moral Garcia, Serafin"]
[Result "0-1"]
[WhiteElo "1858"]
[BlackElo "2287"]
[Annotator "TA"]
[EventDate "2018.08.09"]
[PlyCount "84"]
[EventType "tourn"]
[EventCountry "ESP"]

1. Nf3 Nf6 2. d3 g6 3. e4 d6 4. g3 Bg7 5. Bg2 O-O 6. O-O c5 7. Re1 Nc6 8.
c3 e5 9. d4 Bg4 10. d5 $14 Ne7 11. h3 Bd7 12. a4 $146 Ne8 13. b4 cxb4 $11
14. cxb4 h6 15. Ra2 f5 16. Nc3 f4 17. g4 g5 18. a5 Ng6 19. Nh2 Rf7 20. f3
Bf8 21. Bf1 Rc8 22. Qb3 Rh7 23. b5 h5 24. b6 a6 25. Ba3 Nf6 26. Rc2 hxg4
27. hxg4 Nh4 $15 28. Bg2 Be7 29. Nd1 $1 $11 Rxc2 30. Qxc2 Nxg2 31. Qxg2 Qc8
$1 $36 32. Qa2 Rh3 $19 33. Re2 Ba4 34. Nf2 Rg3+ 35. Kh1 Qc3 36. Bb2 Qxa5
37. Qa3 $2 Qb5 38. Re1 Qxb6 39. Re2 Bb5 40. Rc2 Nxe4 $1 41. Rc8+ Kf7 42.
Nh3 Qg1+ $1 0-1

[Event "83rd ESP-ch Women-ch 2018"]
[Site "Linares"]
[Date "2018.08.23"]
[Round "4"]
[White "Fernandez Garcia, Francisco Jose"]
[Black "Sosa Suarez, Carla Cristina"]
[Result "1-0"]
[WhiteElo "1835"]
[BlackElo "2006"]
[TimeControl "40/5400+30:1800+30"]
[Annotator "NA RC"]
[EventDate "2018.08.09"]
[PlyCount "123"]
[EventType "tourn"]
[EventCountry "ESP"]

1. b3 e5 2. Bb2 Nc6 3. e3 g6 4. Nf3 Bg7 5. Bb5 Nge7 6. d4 exd4 7. Nxd4 O-O
8. Nxc6 bxc6 9. Bxg7 Kxg7 10. Qd4+ Kg8 11. Bd3 d5 12. O-O Qd6 13. Nd2 c5
14. Qh4 f5 15. Nf3 Qf6 16. Qf4 c6 17. Rfd1 a5 18. c4 Be6 19. Rac1 Rfc8 20.
Qd6 a4 21. Ng5 Qxg5 22. Qxe6+ Kg7 23. Qd6 axb3 24. axb3 Rcb8 25. cxd5 Rd8
26. Qxc5 Rxd5 27. Qc3+ Qf6 28. Qxf6+ Kxf6 29. Bc4 Rxd1+ 30. Rxd1 Nd5 31. g3
Ke5 32. Kg2 Ra2 33. Bxd5 cxd5 34. Rd4 Rb2 35. Rb4 g5 36. Kf3 Kf6 37. Rb6+
Ke5 38. h4 g4+ 39. Kg2 Rb1 40. b4 Rb3 41. b5 d4 42. exd4+ Kxd4 43. Rb7 h6
44. b6 Kc5 45. Rf7 Kxb6 46. Rxf5 Kc7 47. Rf4 h5 48. Rf5 Kd7 49. Rxh5 Ke6
50. Ra5 Rb4 51. Ra8 Kf7 52. Rc8 Kg7 53. Rd8 Rc4 54. Kf1 Re4 55. Rd3 Ra4 56.
Ke2 Kg6 57. Ke3 Kf5 58. Rd5+ Kf6 59. Rd4 Ra3+ 60. Kf4 Rf3+ 61. Kxg4 Rxf2
62. Rf4+ 1-0

[Event "83rd ESP-ch Women-ch 2018"]
[Site "Linares"]
[Date "2018.08.24"]
[Round "5"]
[White "Santos Latasa, Jaime"]
[Black "Montero Melendez, Rafael"]
[Result "1-0"]
[WhiteElo "2582"]
[BlackElo "2367"]
[Annotator "TA"]
[EventDate "2018.08.09"]
[PlyCount "155"]
[EventType "tourn"]
[EventCountry "ESP"]

1. d4 d5 2. c4 c6 3. Nf3 Nf6 4. e3 g6 5. Nc3 Bg7 6. Be2 O-O 7. O-O Bg4 8.
cxd5 cxd5 9. Qb3 b6 10. h3 Bc8 11. Bd2 Nc6 12. Ne5 Bb7 13. Nxc6 Bxc6 14.
Ba6 Qd7 15. Rfc1 Bb7 16. Bb5 Qd6 $146 17. Be2 Rfc8 18. Nb5 Qd8 19. Rxc8
Bxc8 20. Rc1 Ne8 21. a4 e6 22. Bf1 Bf8 23. Bb4 Bxb4 24. Qxb4 a5 25. Qe1 Bb7
26. b4 Nd6 27. bxa5 Nxb5 28. Bxb5 Rxa5 $11 29. Qe2 Ra8 30. g3 Rc8 31. Rb1
Bc6 32. Qb2 Bxb5 33. Qxb5 Rc4 34. Qa6 Qc7 35. Kg2 Kg7 36. h4 h5 37. a5 bxa5
38. Rb7 Qc8 39. Qa7 Qf8 40. Qxa5 Rc8 41. Qb6 Kg8 42. Ra7 Rb8 43. Qc7 Rc8
44. Qf4 Ra8 45. Rb7 Re8 46. Qf6 Qg7 47. Qg5 Rf8 48. Qe7 Ra8 49. Kh3 Qf8 50.
Qf6 Qg7 51. Qg5 Rf8 52. Rd7 Kh7 53. f3 Qh6 54. Qe5 Kg8 55. g4 hxg4+ 56.
fxg4 Ra8 57. Rb7 Qg7 58. Qf4 Rf8 59. Kg3 Re8 60. Kg2 Qf8 61. Kh2 Re7 62.
Rb1 Re8 63. h5 e5 64. dxe5 Qe7 65. hxg6 fxg6 66. Rb6 Qxe5 $2 67. Rxg6+ $18
Kh7 68. Rg5 Qxf4+ 69. exf4 Re2+ 70. Kg3 d4 71. Rd5 Re4 72. Rd6 Kg7 73. f5
Kf7 74. Kf3 Re3+ 75. Kf4 Rd3 76. Ke5 Re3+ 77. Kxd4 Rg3 78. Rg6 1-0

[Event "83rd ESP-ch Women-ch 2018"]
[Site "Linares"]
[Date "2018.08.24"]
[Round "5"]
[White "Santos Ruiz, Miguel"]
[Black "Espinosa Aranda, Angel"]
[Result "1/2-1/2"]
[WhiteElo "2517"]
[BlackElo "2451"]
[Annotator "TA"]
[EventDate "2018.08.09"]
[PlyCount "92"]
[EventType "tourn"]
[EventCountry "ESP"]

1. d4 d5 2. c4 dxc4 3. Nf3 Nf6 4. e3 e6 5. Bxc4 c5 6. O-O Nc6 7. Qe2 a6 8.
dxc5 Bxc5 9. a3 b5 10. Bd3 Bb7 11. b4 Be7 12. Bb2 O-O 13. Nbd2 Qb6 14. Rac1
Rfd8 15. Nb3 $146 Rac8 16. Nc5 Ba8 17. Ng5 $1 $16 h6 18. Nge4 Nxe4 19. Bxe4
Bf8 20. Bb1 Ne7 21. Qg4 Bd5 22. Rfd1 Qa7 23. Bd4 Qa8 $14 24. h4 Nc6 25. Bf6
$40 Ne7 26. Bb2 Qa7 27. h5 a5 $1 28. Qe2 axb4 29. axb4 Nc6 30. Qc2 $1 $16
f5 31. Rxd5 $1 Rxd5 32. Nxe6 Qd7 33. Nxf8 $2 Kxf8 $11 34. Ba2 Ne7 35. Qxc8+
Nxc8 $17 36. Bxd5 Qxd5 37. Rxc8+ $11 Ke7 38. Bd4 Qb3 39. Rc7+ Ke6 40. Rxg7
Qxb4 41. Rg6+ Kd5 42. g3 Qb1+ 43. Kg2 Qe4+ 44. Kg1 Qb1+ 45. Kg2 Qe4+ 46.
Kg1 Qb1+ 1/2-1/2